An outline of the Revelation. (Record no. 6153)

000 -LEADER
fixed length control field 00602nam a2200181 a 4500
001 - CONTROL NUMBER
control field :::00003896$&:&@@
003 - CONTROL NUMBER IDENTIFIER
control field OkBaRHE
005 - DATE AND TIME OF LATEST TRANSACTION
control field 20000607103314.0
008 - FIXED-LENGTH DATA ELEMENTS--GENERAL INFORMATION
fixed length control field j 000 0 eng u
040 ## - CATALOGING SOURCE
Transcribing agency
100 1# - MAIN ENTRY--PERSONAL NAME
Personal name Coates, C. A.
245 13 - TITLE STATEMENT
Title An outline of the Revelation.
260 ## - PUBLICATION, DISTRIBUTION, ETC. (IMPRINT)
Place of publication, distribution, etc Newport, MT., :
Name of publisher, distributor, etc Stow Hill Bible Depot and Publishing office
Date of publication, distribution, etc nd
300 ## - PHYSICAL DESCRIPTION
Extent 250 p. ;
Dimensions 19 cm.
650 ## - SUBJECT ADDED ENTRY--TOPICAL TERM
Topical term or geographic name as entry element Bible New Testament Revelation
General subdivision Criticism, Interpretation, etc.
942 ## - ADDED ENTRY ELEMENTS (KOHA)
Source of classification or shelving scheme
Koha item type Books
Copies
Permanent Location Shelving location Withdrawn status Date acquired Date last seen Damaged status Copy number Lost status Source of classification or shelving scheme Koha item type Price effective from Not for loan Full call number Barcode
RHEMA Bible Training CollegeGeneral Stacks 2010-04-142018-04-03 1  Books2010-04-14 BS 2825 .C5573896